Liquid rocket thrust chambers (Record no. 121279)
[ view plain ]
| 000 -LEADER | |
|---|---|
| fixed length control field | 01420nam a2200337 a 4500 |
| 082 04 - DEWEY DECIMAL CLASSIFICATION NUMBER | |
| Classification number | 662.6/66 |
| 245 00 - TITLE STATEMENT | |
| Title | Liquid rocket thrust chambers |
| 260 ## - PUBLICATION, DISTRIBUTION, ETC. (IMPRINT) | |
| Place of publication | Reston, Va. : |
| Name of publisher | American Institute of Aeronautics and Astronautics, Inc., |
| Year of publication | c2004. |
| 300 ## - PHYSICAL DESCRIPTION | |
| Number of Pages | xx, 723 p., [16] p. of plates : |
| Other physical details | ill. (some col.). |
| 490 1# - SERIES STATEMENT | |
| Series statement | Progress in astronautics and aeronautics ; |
| 650 #0 - SUBJECT ADDED ENTRY--TOPICAL TERM | |
| Topical Term | Liquid propellants. |
| 700 1# - ADDED ENTRY--PERSONAL NAME | |
| Personal name | Yang, Vigor. |
| 856 40 - ELECTRONIC LOCATION AND ACCESS | |
| Uniform Resource Identifier | http://site.ebrary.com/lib/rucke/Doc?id=10516747 |
No items available.
